00481nam a2200097Ia 4500008004100000040004400041100002800085245021300113260004500326300001200371180412s9999||||xx |||||||||||||| ||und|| aAhmadu Bello University Library - Zaria aLunar Science Institute 0aCylindrical shells. The application of the theory of elasticity and the theory of repture to the design of cylindrical roofs, tanks, tubes, pipe line, and other thin-walled cylindrical structurescH. Lundgren aCopenhagenbDanish Technical Pressc1960 a2 vols.